|
|
|
|
| LEADER |
00000nam a22000007a 4500 |
| 005 |
20180403212629.0 |
| 007 |
cr|||| |||| |
| 008 |
180403s2017 cu |||||s|||| 00||0 spa d |
| 020 |
|
|
|a 978-959-7219-46-0
|
| 035 |
|
|
|a 21316
|
| 040 |
|
|
|a vLex
|
| 090 |
|
|
|c 7650
|d 7650
|
| 245 |
0 |
2 |
|a El derecho del deporte en iberoamřica
|h [Recurso electrn̤ico] :
|b Desafo̕s y experiencias nacionales en el Siglo XXI
|
| 256 |
|
|
|a Servicio en ln̕ea
|
| 260 |
|
|
|a La Habana:
|b Unin̤ Nacional de Juristas de Cuba,
|c 2017
|
| 300 |
|
|
|a 1 recurso electrn̤ico (531 p.)
|
| 500 |
|
|
|a Obra ganadora del Concurso Anual 2016 de la Editorial UNIJURIS.
|
| 506 |
1 |
|
|a Disponible solo en los productos indicados
|d vLex Global
|d vLex Global (Academic Edition, excluding Law Schools)
|d vLex Global (U.S. Academic Edition, Law Schools)
|d vLex Global (U.S. Academic Edition, excluding Law Schools)
|d vLex Global (Academic Edition, Law Schools)
|
| 650 |
0 |
4 |
|a Derecho Civil
|z Cuba
|
| 650 |
0 |
4 |
|a Derecho Laboral y Seguridad Social
|z Cuba
|
| 650 |
0 |
4 |
|a Derecho Internacional
|z Cuba
|
| 650 |
0 |
4 |
|a Deportes
|z Cuba
|
| 740 |
0 |
|
|a vLex Libros (Servicio en ln̕ea)
|
| 856 |
4 |
0 |
|u http://vlex.com/source/derecho-deporte-iberoamerica-desafios-experiencias-nacionales-siglo-xxi-21316
|z Acceso restringido
|
| 942 |
|
|
|c BOOK
|
| 999 |
0 |
|
|a Civil Law
|
| 999 |
0 |
|
|a Labor Law and Social Security
|
| 999 |
0 |
|
|a International Law
|
| 999 |
0 |
|
|a Sports
|